Методы и приборы неразрушающего контроля; Космическое приборостроение

Manylion Llyfryddiaeth
Parent link:Космическое приборостроение.— 2014.— [С. 27-36]
Awduron Corfforaethol: Национальный исследовательский Томский политехнический университет, Национальный исследовательский Томский политехнический университет (ТПУ) Институт неразрушающего контроля (ИНК) Проблемная научно-исследовательская лаборатория электроники, диэлектриков и полупроводников (ПНИЛ ЭДиП), Национальный исследовательский Томский политехнический университет (ТПУ) Институт неразрушающего контроля (ИНК) Лаборатория № 62 (Акустико-эмиссионных методов неразрушающего контроля)
Awduron Eraill: Бориков В. Н. Валерий Николаевич, Беспалько А. А. Анатолий Алексеевич, Лапшин Б. М. Борис Михайлович, Лидер А. М. Андрей Маркович, Москалёв Ю. А. Юрий Александрович, Сиднев Д. А., Солдатов А. И. Алексей Иванович
Crynodeb:Заглавие с титульного экрана
Iaith:Rwseg
Cyhoeddwyd: 2014
Cyfres:Пленарные доклады
Pynciau:
Mynediad Ar-lein:http://www.lib.tpu.ru/fulltext/c/2014/C22/002.pdf
Fformat: Electronig Pennod Llyfr
KOHA link:https://koha.lib.tpu.ru/cgi-bin/koha/opac-detail.pl?biblionumber=605679

MARC

LEADER 00000naa2a2200000 4500
001 605679
005 20251127140336.0
035 |a (RuTPU)RU\TPU\conf\2991 
035 |a RU\TPU\conf\2985 
090 |a 605679 
100 |a 20140424d2014 k y0rusy50 ca 
101 0 |a rus 
102 |a RU 
105 |a y z 101zy 
135 |a drcn ---uucaa 
181 0 |a i  
182 0 |a b 
200 1 |a Методы и приборы неразрушающего контроля  |f В. Н. Бориков [и др.] 
203 |a Текст  |c электронный 
225 1 |a Пленарные доклады 
300 |a Заглавие с титульного экрана 
337 |a Adobe Reader 
463 0 |0 (RuTPU)RU\TPU\conf\2833  |t Космическое приборостроение  |o сборник научных трудов II Всероссийского форума школьников, студентов, аспирантов и молодых ученых с международным участием, г. Томск, 10-12 апреля 2014 г.  |f Национальный исследовательский Томский политехнический университет (ТПУ)  |v [С. 27-36]  |d 2014 
610 1 |a труды учёных ТПУ 
610 1 |a электронный ресурс 
610 1 |a методы 
610 1 |a приборы контроля 
610 1 |a неразрушающий контроль 
701 1 |a Бориков  |b В. Н.  |c специалист в области машиностроения  |c доцент Томского политехнического университета, кандидат технических наук  |f 1963-  |g Валерий Николаевич  |3 (RuTPU)RU\TPU\pers\28633  |9 13449 
701 1 |a Беспалько  |b А. А.  |c специалист в области электрофизики  |c ведущий научный сотрудник Томского политехнического университета, кандидат физико-математических наук  |f 1948-  |g Анатолий Алексеевич  |3 (RuTPU)RU\TPU\pers\25152  |9 11237 
701 1 |a Лапшин  |b Б. М.  |c специалист в области неразрушающего контроля  |c заведующий лабораторией №62 Томского политехнического университета  |f 1941-  |g Борис Михайлович  |3 (RuTPU)RU\TPU\pers\28182  |9 13140 
701 1 |a Лидер  |b А. М.  |c физик  |c профессор Томского политехнического университета, доктор технических наук  |f 1976-2025  |g Андрей Маркович  |3 (RuTPU)RU\TPU\pers\25616  |9 11545 
701 1 |a Москалёв  |b Ю. А.  |c специалист в области технической томографии и интроскопии  |c заведующий сектором лаборатории №40 Томского политехнического университета  |g Юрий Александрович  |3 (RuTPU)RU\TPU\pers\28177  |9 13135 
701 1 |a Сиднев  |b Д. А. 
701 1 |a Солдатов  |b А. И.  |c специалист в области электроники  |c профессор Томского политехнического университета, доктор технических наук  |f 1958-  |g Алексей Иванович  |3 (RuTPU)RU\TPU\pers\25907  |9 11758 
712 0 2 |a Национальный исследовательский Томский политехнический университет  |c (2009- )  |9 26305 
712 0 2 |a Национальный исследовательский Томский политехнический университет (ТПУ)  |b Институт неразрушающего контроля (ИНК)  |b Проблемная научно-исследовательская лаборатория электроники, диэлектриков и полупроводников (ПНИЛ ЭДиП)  |3 (RuTPU)RU\TPU\col\19033 
712 0 2 |a Национальный исследовательский Томский политехнический университет (ТПУ)  |b Институт неразрушающего контроля (ИНК)  |b Лаборатория № 62 (Акустико-эмиссионных методов неразрушающего контроля)  |3 (RuTPU)RU\TPU\col\19139 
801 2 |a RU  |b 63413507  |c 20140425  |g RCR 
856 4 |u http://www.lib.tpu.ru/fulltext/c/2014/C22/002.pdf 
942 |c BK